<?xml version="1.0" encoding="UTF-8"?><record xmlns="http://www.loc.gov/MARC21/slim" xmlns:zs="http://docs.oasis-open.org/ns/search-ws/sruResponse">
  <leader>02898cem a2200613 i 4500</leader>
  <controlfield tag="001">22961199</controlfield>
  <controlfield tag="005">20250607120600.1</controlfield>
  <controlfield tag="007">aj canzn</controlfield>
  <controlfield tag="007">cr c||||||||||</controlfield>
  <controlfield tag="008">230206s2018    et abg bh b     0   spa  </controlfield>
  <datafield ind1=" " ind2=" " tag="035">
    <subfield code="a">22961199</subfield>
  </datafield>
  <datafield ind1=" " ind2=" " tag="906">
    <subfield code="a">7</subfield>
    <subfield code="b">cbc</subfield>
    <subfield code="c">orignew</subfield>
    <subfield code="d">u</subfield>
    <subfield code="e">ncip</subfield>
    <subfield code="f">20</subfield>
    <subfield code="g">y-geogmaps</subfield>
  </datafield>
  <datafield ind1="0" ind2=" " tag="925">
    <subfield code="a">acquire</subfield>
    <subfield code="b">1 shelf copy</subfield>
    <subfield code="x">policy default</subfield>
  </datafield>
  <datafield ind1=" " ind2=" " tag="955">
    <subfield code="i">ga37 2023-02-06</subfield>
  </datafield>
  <datafield ind1=" " ind2=" " tag="010">
    <subfield code="a">  2022593503</subfield>
  </datafield>
  <datafield ind1="1" ind2=" " tag="034">
    <subfield code="a">a</subfield>
    <subfield code="b">500000</subfield>
    <subfield code="d">E0330000</subfield>
    <subfield code="e">E0480000</subfield>
    <subfield code="f">N0140000</subfield>
    <subfield code="g">N0040000</subfield>
  </datafield>
  <datafield ind1=" " ind2=" " tag="040">
    <subfield code="a">DLC</subfield>
    <subfield code="b">eng</subfield>
    <subfield code="e">rda</subfield>
    <subfield code="c">DLC</subfield>
    <subfield code="d">DLC</subfield>
  </datafield>
  <datafield ind1="0" ind2="0" tag="050">
    <subfield code="a">G8330 s500</subfield>
  </datafield>
  <datafield ind1=" " ind2=" " tag="052">
    <subfield code="a">8330</subfield>
  </datafield>
  <datafield ind1="1" ind2=" " tag="110">
    <subfield code="a">Universität Bern.</subfield>
    <subfield code="b">Centre for Development and Environment,</subfield>
    <subfield code="e">cartographer.</subfield>
  </datafield>
  <datafield ind1="1" ind2="0" tag="245">
    <subfield code="a">Ethiopia geographic base map :</subfield>
    <subfield code="b">1:500,000.</subfield>
  </datafield>
  <datafield ind1=" " ind2=" " tag="255">
    <subfield code="a">Scale 1:500,000 ;</subfield>
    <subfield code="b">universal transverse Mercator projection</subfield>
    <subfield code="c">(E 33°--E 48°/N 14°--N 4°).</subfield>
  </datafield>
  <datafield ind1=" " ind2="1" tag="264">
    <subfield code="a">Addis Abeba, Ethiopa :</subfield>
    <subfield code="b">Water and Land Resources Centre ;</subfield>
    <subfield code="a">Bern :</subfield>
    <subfield code="b">University of Bern's Centre for Development and Environment,</subfield>
    <subfield code="c">2018</subfield>
  </datafield>
  <datafield ind1=" " ind2=" " tag="300">
    <subfield code="a">1 online resource (26 maps (26 GeoTIFF files)) :</subfield>
    <subfield code="b">color</subfield>
  </datafield>
  <datafield ind1=" " ind2=" " tag="336">
    <subfield code="a">cartographic image</subfield>
    <subfield code="b">cri</subfield>
    <subfield code="2">rdacontent</subfield>
  </datafield>
  <datafield ind1=" " ind2=" " tag="337">
    <subfield code="a">computer</subfield>
    <subfield code="b">c</subfield>
    <subfield code="2">rdamedia</subfield>
  </datafield>
  <datafield ind1=" " ind2=" " tag="338">
    <subfield code="a">online resource</subfield>
    <subfield code="b">cr</subfield>
    <subfield code="2">rdacarrier</subfield>
  </datafield>
  <datafield ind1="0" ind2="2" tag="342">
    <subfield code="a">UTM gride zone 37</subfield>
  </datafield>
  <datafield ind1="0" ind2="5" tag="342">
    <subfield code="a">WGS84</subfield>
  </datafield>
  <datafield ind1=" " ind2=" " tag="347">
    <subfield code="a">image file</subfield>
    <subfield code="2">rdaft</subfield>
  </datafield>
  <datafield ind1=" " ind2=" " tag="347">
    <subfield code="b">JPEG</subfield>
  </datafield>
  <datafield ind1=" " ind2=" " tag="347">
    <subfield code="d">300 dpi</subfield>
  </datafield>
  <datafield ind1=" " ind2=" " tag="352">
    <subfield code="a">Raster :</subfield>
    <subfield code="b">pixel ;</subfield>
    <subfield code="q">GeoTIFF</subfield>
  </datafield>
  <datafield ind1="0" ind2=" " tag="490">
    <subfield code="a">Standard map series</subfield>
  </datafield>
  <datafield ind1=" " ind2=" " tag="500">
    <subfield code="a">GeoTIFFs with sidecar metadata files (PRJ, TFW).</subfield>
  </datafield>
  <datafield ind1=" " ind2=" " tag="500">
    <subfield code="a">Relief shown by contours, shading, and spot heights.</subfield>
  </datafield>
  <datafield ind1=" " ind2=" " tag="500">
    <subfield code="a">"CC BY-NC 4.0"--On each sheet.</subfield>
  </datafield>
  <datafield ind1=" " ind2=" " tag="500">
    <subfield code="a">Sheet individually numbered and titled on panel, e.g.: Map sheet # 1 A1-Western Amhara/Tigray.</subfield>
  </datafield>
  <datafield ind1=" " ind2=" " tag="500">
    <subfield code="a">Each map sheet contains two versions: Landsat background imagery (Landsat Natural Colour RGB Mosaic 2016 (30m) ALOS Terrain, WLRC, and OSM Vector Data 2017); and WLRM basemap (WLRC land cover map 2016).</subfield>
  </datafield>
  <datafield ind1=" " ind2=" " tag="540">
    <subfield code="a">Creative Commons Attribution-NonCommercial 4.0 International License</subfield>
    <subfield code="5">DLC</subfield>
    <subfield code="u">https://creativecommons.org/licenses/by-nc/4.0/</subfield>
  </datafield>
  <datafield ind1=" " ind2="0" tag="651">
    <subfield code="a">Ethiopia</subfield>
    <subfield code="v">Maps.</subfield>
  </datafield>
  <datafield ind1=" " ind2="7" tag="655">
    <subfield code="a">Topographic maps.</subfield>
    <subfield code="2">lcgft</subfield>
  </datafield>
  <datafield ind1=" " ind2="7" tag="655">
    <subfield code="a">Digital maps.</subfield>
    <subfield code="2">lcgft</subfield>
  </datafield>
  <datafield ind1=" " ind2="7" tag="655">
    <subfield code="a">Raster data.</subfield>
    <subfield code="2">lcgft</subfield>
  </datafield>
  <datafield ind1=" " ind2="7" tag="655">
    <subfield code="a">Geospatial data.</subfield>
    <subfield code="2">lcgft</subfield>
  </datafield>
  <datafield ind1=" " ind2=" " tag="662">
    <subfield code="a">Ethiopia.</subfield>
    <subfield code="2">naf</subfield>
  </datafield>
  <datafield ind1=" " ind2=" " tag="852">
    <subfield code="a">Library of Congress</subfield>
    <subfield code="b">Geography and Map Division</subfield>
    <subfield code="e">Washington, D.C. 20540-4650 USA</subfield>
    <subfield code="n">dcu</subfield>
  </datafield>
  <datafield ind1="4" ind2="0" tag="856">
    <subfield code="3">Landsat basemap - georeferenced images</subfield>
    <subfield code="d">gmdsetmaps</subfield>
    <subfield code="f">2022593503-landsat</subfield>
    <subfield code="u">https://hdl.loc.gov/loc.gmd/gmdsetmaps.2022593503-landsat</subfield>
    <subfield code="q">c</subfield>
  </datafield>
  <datafield ind1="4" ind2="0" tag="856">
    <subfield code="3">Water and Land Resources Centre basemap - georeferenced images</subfield>
    <subfield code="d">gmdsetmaps</subfield>
    <subfield code="f">2022593503-wrlc</subfield>
    <subfield code="u">https://hdl.loc.gov/loc.gmd/gmdsetmaps.2022593503-wrlc</subfield>
    <subfield code="q">c</subfield>
  </datafield>
  <datafield ind1="4" ind2="0" tag="856">
    <subfield code="3">Compressed ZIP packages</subfield>
    <subfield code="d">gmdsetmaps</subfield>
    <subfield code="f">2022593503-zip</subfield>
    <subfield code="u">https://hdl.loc.gov/loc.gmd/gmdsetmaps.2022593503-zip</subfield>
    <subfield code="q">c</subfield>
  </datafield>
  <datafield ind1=" " ind2=" " tag="985">
    <subfield code="a">GMD/SETMAPS</subfield>
  </datafield>
  <datafield ind1=" " ind2=" " tag="985">
    <subfield code="a">GMD/GEOMAP</subfield>
  </datafield>
  <datafield ind1=" " ind2=" " tag="985">
    <subfield code="a">GMD/DIGITALMAP</subfield>
  </datafield>
  <datafield ind1=" " ind2=" " tag="985">
    <subfield code="a">GMD/MULTIMAP</subfield>
    <subfield code="h">20240413</subfield>
  </datafield>
</record>
